Britain's Got Talent Superquiz - Statistics

General Stats
  • This quiz has been taken 325 times
    42 since last reset
  • The average score is 27 of 62
Answer Stats
Answer % Correct
Diversity
76%
Simon Cowell
73%
Alesha Dixon
70%
Amanda Holden
70%
Ant McPartlin
70%
Ashleigh and Pudsey
70%
David Walliams
70%
Declan Donnelly
70%
Paul Potts
70%
David Hasselhoff
67%
George Sampson
67%
Susan Boyle
67%
Bruno Tonioli
64%
Piers Morgan
58%
Attraction
55%
Collabro
52%
Harry Moulding
52%
Jai McDowall
52%
Lost Voice Guy
52%
Sydnie Christmas
52%
Viggo Venn
52%
Colin Thackery
48%
Jon Courtenay
48%
Richard Jones
48%
Spelbound
48%
Jack Carroll
45%
Jack Rhodes
45%
Michael McIntyre
45%
Tokio Myers
45%
Axel Blake
42%
Jules O'Dwyer & Matisse
42%
Tom Ball
42%
Bars & Melody
36%
Binita Chetry
36%
Jamie Leahey
36%
Jamie Raven
36%
Julian Smith
36%
Ronan Parke
36%
Sign Along With Us
36%
The Blackouts
36%
Robert White
33%
Steve Royle
33%
X
33%
Cillian O’Connor
30%
Issy Simpson
30%
Lillianna Clifton
30%
Signature
30%
Boogie Storm
27%
Daliso Chaponda
27%
Donchez Dacres
27%
Lucy Kay
27%
Abigail & Afronitaaa
24%
Andrew Johnston
24%
Ben Hart
24%
Jonathan and Charlotte
24%
Only Boys Aloud
24%
Richard & Adam
24%
Twist and Pulse
24%
Wayne Woodward
24%
Côr Glanaethwy
21%
Kieran Gaffney
21%
New Bounce
21%
No matching quizzes found
Score Distribution
Percent of People with Each Score
Percentile by Number Answered
Your Score History
You have not taken this quiz since the last reset